La Commensale (Roman)
Enregistré dans:
| Auteur principal: | |
|---|---|
| Format: | Livre |
| Langue: | Undetermined |
| Publié: |
Montreal, Canadá
Quinze
1975
|
| Sujets: | |
| Tags: |
Ajouter un tag
Pas de tags, Soyez le premier à ajouter un tag!
|
MARC
| LEADER | 00000nam a2200000Ia 4500 | ||
|---|---|---|---|
| 008 | 170316s9999 xx 000 0 und d | ||
| 090 | |a 818 B-8c | ||
| 100 | |a Bessette, Gérard | ||
| 245 | |a La Commensale (Roman) | ||
| 260 | |a Montreal, Canadá | ||
| 260 | |b Quinze | ||
| 260 | |c 1975 | ||
| 300 | |a 156 páginas | ||
| 650 | |a LITERATURA CANADIENSE | ||
| 999 | |c 21769 |d 21769 | ||
| 040 | |a cru BVZT | ||
| 942 | |c 15 D |h 818 B-8c |2 z | ||
